000 01284nam a22003857a 4500
003 CHAP
005 20220329141207.0
008 971010s1986 r 00010 d
010 _a64156
011 _a65128
035 _a71376
040 _cCHAP
090 _aTesis
100 0 0 _aBautista Higareda, J. Jesús.
_910923
245 _aEfecto de combinaciones de calcio y fósforo sobre el rendimiento de Zea mays en un andosol
260 _aChapingo, Méx. :
_bEl autor,
_c1986
300 _a106 h
500 _aFotocopia
502 _aTesis (Ing. Agr. Esp. en suelos) -- UACH. Departamento de Suelos
590 _aALEPH
_b10
_c20130110
_lUCH01
_h1350
590 _aBATCH-UPD
_b10
_c20130110
_lUCH01
_h1920
590 _aBATCH-UPD
_b10
_c20130410
_lUCH01
_h1246
590 _aBATCH-UPD
_b10
_c20130914
_lUCH01
_h0815
590 _aCONVERSION
_b10
_c20130109
_lUCH01
_h1335
650 1 4 _aAndosoles.
_95631
650 1 4 _aCalcio
_xEfecto en maíz.
_917336
650 1 4 _aFósforo
_xEfecto en maíz.
_942243
650 1 4 _aMaíz
_xRendimiento.
_971051
650 1 4 _aSuelos volcánicos.
_9110567
901 _aBK
942 _cFOLL
949 _bBC
_cTES
_d-48043
_eTS1
_h20267
_i71376
_si
949 _bBC
_cTES
_d-48044
_eTS2
_fc.2
_h20268
_i71376
_si
949 _bS
_cTESBD
_d-3995
_eTS1
_i71376
_si
999 _c64156
_d64156